Tous les entraineurs de Ligue 2 saison 2023-2024 - Statistiques

Statistiques générales
  • Ce quiz a été pris 21 fois
    5 depuis la dernière actualisation
  • Le résultat moyen est 4 sur 20
Statistiques - réponses
Clubs Réponses % Correct
AC Ajaccio Olivier Pantaloni
80%
AJ Auxerre Christophe Pélissier
40%
US Dunkerque Luís Castro
40%
EA Guingamp Stéphane Dumont
40%
US Concarneau Stéphane Le Mignan / Mignan
40%
Angers SCO Alexandre Dujeux
20%
Annecy Laurent Guyot
20%
Grenoble Laurent Peyrelade
20%
Bastia Lilian Laslandes
20%
SM Caen Nicolas Seube
20%
Pau FC Nicolas Usaï
20%
AS Saint-Etienne Olivier Dall'Oglio / Oglio
20%
Laval Olivier Frapolli
20%
Amiens SC Omar Daf
20%
Paris FC Stéphane Gilli
20%
Valenciennes Ahmed Kantari
0%
Bordeaux Albert Riera
0%
ESTAC Troyes David Guion
0%
Rodez Didier Santini
0%
Quevilly- Rouen Jean-Louis Garcia / Garcia
0%
Aucun quiz correspondant
Distribution des résultats
% des personnes avec chaque résultat
Percentile par nombre de réponses
Votre historique - résultats
Vous n’avez pas pris ce quiz depuis la dernière actualisation